[Event "18th Aeroflot Open-A 2020"]
[Site "Moscow"]
[Date "2020.02.26"]
[Round "8.21"]
[White "Martirosyan, Haik M."]
[Black "Nesterov, Arseniy"]
[Result "1/2-1/2"]
[WhiteElo "2630"]
[BlackElo "2501"]
[Annotator "TA"]
[PlyCount "57"]
[EventDate "2020.02.19"]
[EventType "swiss"]
[EventCountry "RUS"]
[SourceTitle "playchess.com"]
[Source "ChessBase"]
[SourceQuality "1"]

{[%evp 28,57,20,0,16,11,19,8,52,30,34,60,56,0,6,0,0,-12,-11,-20,-23,-5,-15,-18,-21,-8,0,0,0,-10,0,0]} 1. d4 d5 2. c4 c6 3. Nf3 Nf6 4. Nc3 dxc4 5. a4 Bf5 6. e3 e6 7. Bxc4 Bb4 8. O-O O-O 9. Qe2 Nbd7 10. e4 Bg6 11. Bd3 Bh5 12. e5 Nd5 13. Nxd5 cxd5 14. Qe3 Be7 15. Bd2 Nb8 {D19: Slav Defence: 5 a4 Bf5 6 e3: Main line with 9 Qe2.} 16. Ne1 Bg6 17. Bxg6 fxg6 18. Nd3 Nc6 19. b4 a6 {[#]} 20. Nc5 $146 ({Predecessor:} 20. Rfb1 b5 21. Rb2 bxa4 22. Rxa4 Qb6 23. Bc3 Qb5 24. Ra1 Rab8 25. Nc5 Bxc5 26. bxc5 {0-1 (44) Johanson,F (1993)-Warren,R (1973) IECG email 2005}) 20... Bxc5 $1 21. dxc5 Qh4 22. b5 axb5 23. axb5 Rxa1 24. Rxa1 Nd4 {[#] ...Nc2 is the strong threat.The position is equal.} 25. Rb1 {Hoping for Rb4.} Nc2 26. Qe2 $1 Nd4 27. Qe3 {Black must now prevent Rb4.} Nc2 28. Qe2 $1 Nd4 29. Qe3 {Accuracy: White = 90%, Black = 92%.} 1/2-1/2

[Event "18th Aeroflot Open-A 2020"]
[Site "Moscow"]
[Date "2020.02.26"]
[Round "8.22"]
[White "Abdusattorov, Nodirbek"]
[Black "Kulaots, Kaido"]
[Result "1/2-1/2"]
[WhiteElo "2644"]
[BlackElo "2510"]
[Annotator "TA"]
[PlyCount "79"]
[EventDate "2020.02.19"]
[EventType "swiss"]
[EventCountry "RUS"]
[SourceTitle "playchess.com"]
[Source "ChessBase"]
[SourceQuality "1"]

{[%evp 15,79,21,17,16,13,21,21,18,25,20,22,12,14,18,8,0,0,0,0,0,0,0,0,0,0,0,0,-16,0,0,0,-19,3,11,27,27,27,27,27,29,20,23,18,12,18,17,21,14,39,28,39,0,32,16,35,4,4,0,3,-56,0,0,0,0,0,0]} 1. e4 c5 2. Nf3 d6 3. d4 cxd4 4. Nxd4 Nf6 5. Nc3 a6 6. g3 e5 7. Nde2 Be7 8. Bg2 b5 9. Nd5 {B91: Sicilian Najdorf: 6 g3.} Nbd7 10. Nec3 Nb6 11. Nxe7 Qxe7 12. O-O O-O 13. Bg5 h6 14. Bxf6 Qxf6 15. a4 b4 16. Nd5 Nxd5 17. Qxd5 Be6 18. Qxd6 a5 19. Qb6 Rfc8 20. Rfc1 Qe7 {[#]} 21. c3 $146 ({Predecessor:} 21. Qe3 Rc5 22. Bf1 Rac8 23. Ba6 R8c6 24. Bb5 Rc8 25. Ba6 R8c6 26. Bb5 Rc8 27. Ba6 {½-½ (27) Navara,D (2745)-Wojtaszek,R (2744) Shamkir 2018}) 21... bxc3 22. Rxc3 Rcb8 23. Qc5 Qxc5 (23... Qd7 {is interesting.} 24. Qxe5 Rxb2 25. Rd3 Qxd3 26. Qxb2 Rc8) 24. Rxc5 f6 25. f4 Rxb2 26. fxe5 fxe5 27. Rxe5 Bd7 28. Rc5 Ra7 29. e5 {White wants to play Bd5+.} Kf7 30. Bd5+ Ke7 31. Rf1 {[#] Strongly threatening Rf7+.} Be8 32. Rc8 Rd2 33. Rc5 Re2 34. Bg8 Re4 35. e6 {[#] Threatens to win with Rc8.} Re2 36. Bf7 Bxa4 37. Rc8 ({Better is} 37. Bh5 $11 Rxe6 38. Rf7+ Kd6 39. Rxa7 Kxc5 40. Rxa5+ Kb4 41. Rf5) 37... Rb7 (37... Rc2 $15 38. Bg6 Rxc8 39. Rf7+ Kxe6 40. Rxa7 Rc5) 38. Bh5 $11 {The position is equal.} Reb2 39. Rc4 Be8 40. Bxe8 {Accuracy: White = 87%, Black = 93%.} 1/2-1/2

[Event "18th Aeroflot Open-A 2020"]
[Site "Moscow"]
[Date "2020.02.26"]
[Round "8.23"]
[White "Shtembuliak, Evgeny"]
[Black "Sengupta, Deep"]
[Result "1/2-1/2"]
[WhiteElo "2628"]
[BlackElo "2534"]
[Annotator "TA"]
[PlyCount "118"]
[EventDate "2020.02.19"]
[EventType "swiss"]
[EventCountry "RUS"]
[SourceTitle "playchess.com"]
[Source "ChessBase"]
[SourceQuality "1"]

{[%evp 12,118,43,36,43,36,83,56,69,69,71,74,72,72,64,59,71,62,106,89,101,101,99,55,98,106,84,101,98,22,70,-4,133,141,133,120,103,43,68,68,71,66,83,77,66,14,17,0,0,0,0,0,0,0,0,0,0,0,55,8,8,8,8,8,8,8,8,8,8,0,0,0,8,8,8,8,8,8,8,8,21,8,8,8,8,8,8,8,8,8,8,8,8,8,8,8,8,8,8,8,8,8,8,8,8,0,0,0,8]} 1. c4 g6 2. d4 Bg7 3. e4 d6 4. Nc3 Nd7 5. Nge2 e5 6. Be3 Ne7 7. Qd2 a6 {[#] A42: Modern Defence: Averbakh Variation.} 8. h4 $146 ({Predecessor:} 8. Bh6 O-O 9. O-O-O b5 10. h4 Nb6 11. Ng3 b4 12. Nb1 Nc6 13. Bxg7 Kxg7 14. d5 Nd4 15. Bd3 {½-½ (35) Kania,P (2242)-Barburzynska,M (1887) Polanica Zdroj 2008}) 8... h6 9. Ng3 Nc6 {[%cal Re5d4] White is slightly better.} 10. d5 Nd4 11. Nge2 Nxe2 12. Bxe2 h5 13. O-O-O Qe7 14. f3 Nf6 15. Kb1 Bd7 16. Rc1 Ng8 17. Nd1 Bh6 18. Bxh6 Nxh6 19. c5 dxc5 20. Ne3 (20. b4 $16) 20... Bb5 21. Bd1 ({White should play} 21. Rhd1 $14) 21... a5 (21... f5 $11 {keeps the balance.}) 22. g4 hxg4 23. fxg4 f6 {[#]} 24. g5 $1 {[%mdl 512]} Nf7 (24... fxg5 25. hxg5) 25. gxf6 Qxf6 26. Rxc5 {[%mdl 64] Double Attack} Qb6 $1 {[%cal Rb6c5]} 27. Qc3 O-O-O 28. Bc2 (28. d6 $1 $14 Rxd6 29. Nd5 (29. Rxb5 $2 Qxb5 30. Nd5 c6 $19) 29... Rxd5 30. exd5 (30. Rxd5 Bc6 $11)) 28... Kb8 $11 29. a4 Ba6 30. Rxa5 Qd4 31. Qb3 {aiming for Rxa6.} Qb6 32. Qc3 {Rc5 is the strong threat.} Qd4 33. Rc5 Nd6 34. Ng4 {[%cal Be3g4,Bg4e5,Be5c6][%mdl 32]} Nc4 ({Black should try} 34... Bc4 $11 35. Qxd4 exd4) 35. Rxc4 {[%mdl 64] [#] Remove Defender} Bxc4 {The position is equal.} 36. Nxe5 {[%mdl 64] Double Attack} Rxh4 $1 37. Qxd4 Rxh1+ 38. Bd1 Bb3 $1 39. Nc6+ $1 {[%mdl 64] Double Attack} Kc8 $1 40. Na7+ Kb8 41. Nc6+ $1 {[%mdl 64] Double Attack} Kc8 $1 $132 {[%mdl 2048] Black puts up resistance} 42. Nxd8 {Hoping for Kc1.} Rxd1+ 43. Qxd1 Bxd1 {[%mdl 4096] Endgame KB-KN} 44. Ne6 Bxa4 45. Kc1 b6 46. Kd2 c6 47. dxc6 Bxc6 48. Ke3 Kd7 49. Nf8+ Kd6 $1 50. Nxg6 Kc5 51. Ne5 Bb5 52. Nf3 Kc4 53. Nd2+ Kc5 54. b3 Ba6 55. e5 Bc8 56. Nf3 Kb4 57. Nd4 Kc3 58. Ke4 Bb7+ 59. Ke3 {And now e6 would win.} Bd5 {Accuracy: White = 81%, Black = 82%.} 1/2-1/2

[Event "18th Aeroflot Open-A 2020"]
[Site "Moscow"]
[Date "2020.02.26"]
[Round "8.24"]
[White "Visakh N R"]
[Black "Chigaev, Maksim"]
[Result "0-1"]
[WhiteElo "2518"]
[BlackElo "2616"]
[Annotator "TA"]
[PlyCount "86"]
[EventDate "2020.02.19"]
[EventType "swiss"]
[EventCountry "RUS"]
[SourceTitle "playchess.com"]
[Source "ChessBase"]
[SourceQuality "1"]

{[%evp 14,86,27,17,33,29,39,39,36,0,15,12,16,11,20,0,21,21,28,33,56,58,61,0,52,52,44,54,54,46,38,54,53,48,68,75,76,66,60,58,56,53,85,79,103,103,247,175,176,168,302,302,267,16,16,28,48,0,0,0,0,0,0,0,0,-1922,-1922,-1812,-1794,-1750,-1765,-1712,-1568,-953,-946]} 1. e4 d5 2. exd5 Qxd5 3. Nc3 Qa5 4. d4 Nf6 5. Nf3 c6 6. h3 Bf5 7. Bc4 e6 8. Bd2 Qc7 {B01: Scandinavian Defence.} 9. Nh4 Bg6 10. Nxg6 hxg6 {White is slightly better.} 11. O-O Nbd7 12. Qf3 Bd6 {[#]} 13. Rfd1 $146 ({Predecessor:} 13. Rfe1 O-O 14. Ne4 Nxe4 15. Rxe4 Nf6 16. Re2 Rad8 17. Bb3 c5 18. dxc5 Bxc5 19. Rae1 {½-½ (61) Kovalev,V (2639)-Lumiste,R (2084) Tallinn 2018}) 13... Rh5 14. g4 Rh7 15. Bf1 Nb6 16. Bg5 Be7 17. Bf4 Bd6 18. Bg5 (18. Bxd6 $14 Qxd6 19. Bg2) 18... O-O-O (18... Be7 $11) 19. a4 $14 a5 20. Ne4 Nxe4 21. Bxd8 Qxd8 22. Qxe4 Nd5 23. Rd3 Bc7 24. Re1 Qd6 {[%csl Gc7][%cal Rd6h2]} 25. Bg2 Rh8 26. c4 Nf4 27. Rf3 {Black must now prevent c5.} g5 28. d5 cxd5 (28... Nxg2 $2 29. Kxg2 exd5 30. cxd5 $18) 29. cxd5 e5 (29... Qxd5 $16 30. Qxd5 exd5) 30. Qf5+ Kb8 31. Qxf7 (31. Qxg5 $6 g6 $14) 31... Qb4 (31... g6 $142 32. Rc3 Qd8) 32. Rc3 $18 Bb6 {[#]} 33. d6 $2 ({Not} 33. Qxg7 Bxf2+ 34. Kh1 Bxe1 $14) (33. Ree3 $1 $18) 33... Bxf2+ $1 $11 34. Kf1 Nxg2 35. Qc7+ Ka8 36. Kxf2 Nxe1 $40 {[%mdl 128] Black mounts an attack.} 37. Kxe1 {[%mdl 4096] Endgame d7 is the strong threat. KQR-KQR} Rf8 {( -> ...Qe4+)} (37... Qxa4 $6 38. d7 $16 (38. Rc4 Qa1+ 39. Rc1 Qa4 $16)) 38. Qc5 {Strongly threatening Qxb4.} Qe4+ ({Don't play} 38... Qxa4 $6 39. d7 $16) 39. Kd2 $2 {[%mdl 8192]} (39. Qe3 $11 Qg2 40. Qe2 Qg1+ 41. Kd2) 39... Qg2+ $19 {Black is clearly winning.} 40. Kd3 Rf3+ {[%mdl 64] Double Attack} 41. Kc4 Rf4+ 42. Kd3 {[#]} e4+ $1 43. Kc4 e3+ $1 {Black used his chance. Accuracy: White = 81%, Black = 79%.} 0-1

[Event "18th Aeroflot Open-A 2020"]
[Site "Moscow"]
[Date "2020.02.26"]
[Round "8.25"]
[White "Praggnanandhaa R"]
[Black "Zanan, Evgeny"]
[Result "1-0"]
[WhiteElo "2602"]
[BlackElo "2500"]
[Annotator "TA"]
[PlyCount "111"]
[EventDate "2020.02.19"]
[EventType "swiss"]
[EventCountry "RUS"]
[SourceTitle "playchess.com"]
[Source "ChessBase"]
[SourceQuality "1"]

{[%evp 15,111,5,1,7,6,10,20,28,18,21,17,0,0,0,19,18,52,35,68,35,64,30,72,64,95,86,95,95,107,91,107,106,130,130,130,114,122,108,126,120,130,113,141,131,124,97,112,98,107,82,81,71,214,200,184,139,180,183,186,181,169,176,292,338,341,329,310,326,358,370,369,52,93,91,91,90,147,170,167,95,98,106,554,548,883,824,808,782,685,234,798,1004,812,742,1397,552,676,544]} 1. e4 c5 2. Nf3 d6 3. d4 cxd4 4. Nxd4 Nf6 5. Nc3 a6 6. Bd3 e5 7. Nde2 Be7 8. O-O O-O 9. Ng3 {B90: Sicilian Najdorf: Unusual White 6th moves, 6 Be3 Ng4 and 6 Be3 e5.} Be6 10. Nd5 Bxd5 11. exd5 {The position is equal.} g6 12. Bh6 Re8 13. c4 Nbd7 14. Rc1 Bf8 {[#]} 15. Be3 $146 ({Predecessor:} 15. Bg5 h6 16. Bd2 a5 17. b3 h5 18. Re1 Bg7 19. h3 Qe7 20. Be3 Qf8 21. Qd2 {1-0 (43) Anand,V (2774)-Keymer,V (2516) Karlsruhe/Baden Baden 2019}) 15... a5 16. b3 Bg7 17. a3 Qc7 18. Bb1 h5 19. h3 Nc5 20. b4 axb4 21. axb4 Na6 22. Qb3 b6 23. Ne2 Qb7 24. Nc3 Nc7 25. Rfd1 Rec8 26. Bd3 Kh7 27. Bg5 Qa7 28. Qb1 Ng8 29. Be2 Bh6 30. h4 Kg7 31. Ne4 Ne8 32. c5 bxc5 33. bxc5 dxc5 (33... Ngf6 $16) 34. d6 $18 Nef6 35. Bc4 Rab8 36. Qd3 $36 {[%mdl 2048] And now d7 would win. Black is under strong pressure.} Qd7 37. Ba6 Rd8 38. Nxc5 Qg4 (38... Qf5 {was called for.} 39. Qxf5 gxf5) 39. Qe3 e4 40. Be2 Qf5 41. Na6 Rb2 42. Rc7 Qe5 43. d7 $2 (43. Qc5 $1 $18 {[%cal Rc5e5]} Qxc5 44. Nxc5) 43... Ra2 44. Rc5 Qb2 45. Bb5 Rxd7 ({Black should try} 45... Bxg5 46. hxg5 Ng4 47. Qc3+ Qxc3 48. Rxc3 Ne7) 46. Bxd7 $16 Rxa6 {[#]} 47. Bh3 (47. Rb5 $1 $18 {[%cal Rb5b2]} Qc2 48. Rc1) 47... Ra3 48. Qf4 {Black must now prevent Rd6.} Qe2 $2 {[%mdl 8192]} (48... e3 $16 {is more resistant.} 49. fxe3 Qe2) 49. Rd6 $18 Qe1+ 50. Kh2 {Bxh6+ would kill now.} Rf3 51. gxf3 {[%cal Rd6f6]} Qxf2+ 52. Bg2 $2 (52. Kh1 Bxg5 53. hxg5 Qxc5 54. gxf6+ Kh7 {[#]} 55. Rd7 $1 {[%mdl 512]}) 52... exf3 $2 (52... Ng4+ 53. Kh3 (53. fxg4 Qxf4+ 54. Bxf4 Bxf4+ 55. Kg1 Bxd6 $14) 53... exf3 54. Bxh6+ (54. Bxf3 Qf1+ 55. Kg3 Qf2+ 56. Kh3 Qf1+ 57. Kg3 Qf2+ 58. Kh3 $11) (54. Qxf3 Qxc5 {[%mdl 64] Double Attack} 55. Qf4 Bxg5 $11) 54... N8xh6 55. Rxg6+ (55. Bxf3 $2 Qf1+ 56. Kg3 Qg1+ {[%mdl 64] Double Attack} 57. Bg2 Qe1+ 58. Kf3 Qf2+ {[%mdl 64] Double Attack} 59. Ke4 f5+ 60. Kd5 Qxf4 $19) (55. Qd4+ Kh7 $11) 55... Kxg6 56. Rg5+ Kh7 57. Qe4+ Kh8 58. Qxf3 Qxf3+ 59. Bxf3 Nf6 60. Bxh5 Nh7) 53. Bxf6+ {White is clearly winning.} Kh7 54. Qxf3 Qxc5 55. Rd5 Qb4 56. Bg5 {Accuracy: White = 72%, Black = 53%.} 1-0

[Event "18th Aeroflot Open-A 2020"]
[Site "Moscow"]
[Date "2020.02.26"]
[Round "8.26"]
[White "Badelka, Olga"]
[Black "Puranik, Abhimanyu"]
[Result "1/2-1/2"]
[WhiteElo "2404"]
[BlackElo "2597"]
[Annotator "TA"]
[PlyCount "85"]
[EventDate "2020.02.19"]
[EventType "swiss"]
[EventCountry "RUS"]
[SourceTitle "playchess.com"]
[Source "ChessBase"]
[SourceQuality "1"]

{[%evp 21,85,33,38,38,51,37,47,37,50,56,67,50,46,41,50,0,43,44,44,40,43,44,39,39,54,51,75,64,68,64,67,61,72,77,81,83,87,95,95,95,84,78,79,68,68,68,68,58,58,58,60,59,59,59,59,44,44,22,23,23,46,17,17,17,17,17]} 1. c4 c5 2. Nf3 Nf6 3. d4 cxd4 4. Nxd4 g6 5. Nc3 Bg7 6. e4 Nc6 7. Be3 d6 8. Be2 O-O 9. O-O Bd7 10. h3 Nxd4 11. Bxd4 Bc6 12. Qc2 {B38: Sicilian: Maroczy Bind with 5...Bg7 and 7...0-0.} Qa5 13. a3 Rfc8 14. b4 {[#] White is slightly better.} Qc7 $146 ({Predecessor:} 14... Qd8 15. Rad1 Qf8 16. e5 dxe5 17. Bxe5 b6 18. Rd4 Nh5 19. Bxg7 Nxg7 20. Rfd1 e5 {0-1 (64) Espinosa Aranda,A (2497)-Cori,J (2686) Linares 2019}) 15. Qd3 b6 16. Rac1 a5 {[%cal Ba7a5,Ba5b4][%mdl 32]} 17. Qe3 axb4 18. Nd5 (18. axb4 {seems wilder.} Ra3 19. Bf3 Nd7 20. Bxg7 Kxg7 21. Qd4+) 18... Rxa3 (18... Bxd5 $5 19. cxd5 Nxd5 20. Rxc7 Nxe3 21. Rxc8+ Rxc8 22. fxe3 bxa3 $11) 19. Nxc7 Rxe3 20. Bxe3 {[#] Strongly threatening Nd5.} Rxc7 21. Rb1 $1 Nxe4 22. Rxb4 Nc3 23. Bd3 Be4 24. Bxe4 Nxe4 25. Bxb6 Rc6 26. Be3 {[#] White threatens Rb8+ and mate.} h5 27. Rc1 Nc3 {With the idea ...Ne2+.} 28. Kf1 Na2 29. Rb8+ Kh7 30. Rc2 Nc3 31. Rb7 Bf6 32. g4 hxg4 33. hxg4 {Hoping for g5.} Nd5 $1 34. Bc1 g5 35. Be3 Kg6 36. Ke2 Nc3+ 37. Kd3 Na4 $1 38. Rb5 Nc5+ 39. Bxc5 dxc5 40. Re2 Rd6+ 41. Kc2 Bd4 42. Rxe7 {Black must now prevent f3.} Rf6 43. Kd3 {Accuracy: White = 92%, Black = 96%.} 1/2-1/2

[Event "18th Aeroflot Open-A 2020"]
[Site "Moscow"]
[Date "2020.02.26"]
[Round "8.27"]
[White "Cordova, Emilio"]
[Black "Gadimbayli, Abdulla"]
[Result "1/2-1/2"]
[WhiteElo "2593"]
[BlackElo "2460"]
[Annotator "TA"]
[PlyCount "64"]
[EventDate "2020.02.19"]
[EventType "swiss"]
[EventCountry "RUS"]
[SourceTitle "playchess.com"]
[Source "ChessBase"]
[SourceQuality "1"]

{[%evp 18,64,23,10,18,13,20,19,24,0,8,5,6,0,40,35,31,31,46,33,56,47,56,56,54,50,50,41,57,59,72,78,55,47,56,27,48,18,30,0,0,0,0,0,0,0,0,0,0]} 1. d4 d5 2. Nf3 Nf6 3. c4 c6 4. e3 e6 5. Nbd2 Nbd7 6. b3 b6 7. Bd3 Bb7 8. O-O Be7 9. Bb2 O-O 10. Qe2 Rc8 {D30: Queen's Gambit Declined: Systems without Nc3.} 11. e4 dxe4 12. Nxe4 c5 {[#]} 13. Ng3 $146 ({Predecessor:} 13. Rad1 Nxe4 14. Bxe4 Bxe4 15. Qxe4 Bf6 16. Ne5 cxd4 17. Bxd4 Rc7 18. Rd3 Qa8 19. Qe2 Nxe5 20. Bxe5 Bxe5 21. Qxe5 {1-0 (59) Santiago,Y (2477)-Torres,F (2150) Villa Tehuelches 2017}) 13... Bxf3 14. Qxf3 cxd4 15. Bxd4 Nc5 16. Rad1 {Threatens to win with Bxf6.} Nxd3 17. Rxd3 {[#] And now Bxf6 would win.} Qc7 18. Nh5 e5 19. Nxf6+ Bxf6 20. Be3 Rfd8 21. Rfd1 Rxd3 22. Rxd3 Rd8 23. Rxd8+ Qxd8 24. g3 h6 25. h4 g5 26. h5 Kg7 27. Kg2 Qd3 28. Qb7 e4 {The position is equal.} 29. Qxa7 Qd1 30. Qxb6 Qf3+ 31. Kg1 {[#] aiming for Qd6.} Qd1+ 32. Kg2 Qf3+ {Accuracy: White = 80%, Black = 94%.} 1/2-1/2

[Event "18th Aeroflot Open-A 2020"]
[Site "Moscow"]
[Date "2020.02.26"]
[Round "8.28"]
[White "Wagner, Dennis"]
[Black "Murzin, Volodar"]
[Result "1/2-1/2"]
[WhiteElo "2590"]
[BlackElo "2442"]
[Annotator "TA"]
[PlyCount "119"]
[EventDate "2020.02.19"]
[EventType "swiss"]
[EventCountry "RUS"]
[SourceTitle "playchess.com"]
[Source "ChessBase"]
[SourceQuality "1"]

{[%evp 9,119,0,8,6,8,17,36,38,32,32,29,25,31,25,44,44,35,6,4,8,14,-21,-18,-11,-11,-17,0,0,17,-2,0,-21,-8,-41,0,-16,-22,-22,0,0,18,0,0,0,-1,-19,-21,-25,-9,-12,-14,-18,0,-7,0,-4,37,39,68,72,73,71,81,74,71,78,81,67,75,39,114,114,114,114,114,114,114,114,114,114,114,114,114,114,114,115,158,158,130,158,145,139,128,95,99,97,159,143,176,77,85,86,87,87,87,77,77,77,77,77,77,77]} 1. c4 e6 2. g3 d5 3. Bg2 a6 4. b3 Nf6 5. Nf3 Be7 6. Bb2 {A13: English Opening: 1...e6.} O-O 7. O-O Nbd7 8. Nc3 {White is slightly better.} dxc4 9. bxc4 c5 {[#]} 10. d3 $146 ({Predecessor:} 10. e3 Qc7 11. Qc2 Nb6 12. a4 Rd8 13. a5 Nbd7 14. d4 Nb8 15. Na4 Nbd7 16. Rfb1 {1-0 (26) Hild,D (1966)-Hartmann,V (1854) Germany 2012}) 10... Qc7 11. Nd2 Rb8 12. a4 b6 13. Qc2 Bb7 14. Bxb7 Rxb7 15. Rfb1 Nb8 16. Qd1 Nc6 17. Qf1 Ne8 18. Qg2 Nd6 19. Rc1 Nf5 20. Rab1 Nfd4 21. Kf1 Rd8 22. Nf3 Nxf3 23. Qxf3 Nd4 24. Qg2 Rbb8 25. Rd1 Qd7 26. Bc1 Bd6 27. Bg5 f6 28. Bd2 Bc7 29. Rb2 Nc6 30. f4 Nb4 31. Qf3 Re8 32. Be3 a5 33. Rbd2 e5 34. f5 g6 35. g4 gxf5 36. Qxf5 Qxf5+ 37. gxf5 Kf7 38. Kf2 Rg8 39. Rb2 Rg4 (39... e4 $14) 40. h3 $16 Rgg8 41. Rbb1 Bd6 42. Bd2 Rb7 43. Rg1 Rxg1 44. Rxg1 Bf8 45. Rb1 Rd7 46. Be3 Rb7 47. Nd5 Bd6 48. Kf3 Nxd5 49. cxd5 {[%mdl 4096] Endgame KRB-KRB} Ke8 50. Bd2 Rb8 51. Ke4 Kd7 52. Rg1 Re8 (52... b5 $142) 53. Bh6 Be7 54. Rb1 (54. Rg7 $18 {has better winning chances.}) 54... Bd8 {White is better.} 55. Kf3 Rg8 56. e4 Kd6 57. Be3 Kc7 58. Rb2 Be7 59. Bf2 Kb7 60. Rb1 {Accuracy: White = 86%, Black = 85%.} 1/2-1/2

[Event "18th Aeroflot Open-A 2020"]
[Site "Moscow"]
[Date "2020.02.26"]
[Round "8.29"]
[White "Frolyanov, Dmitry"]
[Black "Kardashevskiy, Evgeny"]
[Result "0-1"]
[WhiteElo "2556"]
[BlackElo "2437"]
[Annotator "TA"]
[PlyCount "66"]
[EventDate "2020.02.19"]
[EventType "swiss"]
[EventCountry "RUS"]
[SourceTitle "playchess.com"]
[Source "ChessBase"]
[SourceQuality "1"]

{[%evp 20,66,16,38,42,45,35,41,50,43,40,20,70,56,63,63,56,9,29,-12,-12,-22,0,0,-10,-183,-191,-174,-191,-197,-194,-202,-180,-160,-124,-398,-152,-1925,-1869,-1584,-1814,-1697,-1734,-1639,-1618,-29982,-29983,-29983,-29984]} 1. e4 c5 2. Nf3 Nc6 3. d4 cxd4 4. Nxd4 Nf6 5. Nc3 e5 6. Ndb5 d6 7. Nd5 Nxd5 8. exd5 Ne7 9. c4 Ng6 10. Qa4 Bd7 11. Qb4 Qb8 {B33: Sicilian: Pelikan and Sveshnikov Variations.} 12. h4 h5 {12...a6 is not played anymore.} 13. Be3 a6 {White is slightly better.} 14. Nc3 Be7 15. g3 {[#]} a5 $146 ({Predecessor:} 15... O-O 16. Be2 b5 17. cxb5 axb5 18. Bxh5 Rc8 19. Rc1 Bd8 20. Bxg6 fxg6 21. O-O Ba5 22. Qb3 Bxc3 23. Rxc3 Rxc3 24. bxc3 {½-½ (24) Pecka,J (2429)-Pravec,L (2380) ICCF email 2016}) 16. Qb3 a4 17. Qc2 f5 18. c5 O-O 19. Bb5 Qe8 20. Qe2 Bxb5 21. Nxb5 f4 $36 {[%mdl 2048] Black has good play.} 22. Nc7 $2 {[#]} (22. Bd2 $1 $11 {and White is okay.}) 22... Qc8 $1 $19 {[%cal Rc8c7]} 23. Nxa8 {Threatens to win with Nb6.} fxe3 24. Qxe3 {Nb6 is the strong threat.} Qxa8 25. O-O Qc8 ({But not} 25... dxc5 26. Rae1) 26. cxd6 Bxd6 27. Qg5 $2 {[%mdl 8192] [#]} (27. Qe4 $17 Qe8 28. Rad1) 27... Rf6 $2 (27... Nf4 $1 $19 {[%mdl 512] is more deadly. Strongly threatening ...Nh3+.} 28. gxf4 Rxf4 29. Qxh5 Rg4+ 30. Kh1 g6) 28. Qxh5 $2 (28. Rae1 $17) 28... Qh3 29. Rac1 e4 30. Rc3 Ne5 31. Qe8+ Kh7 {( -> ...Nf3+)} 32. Qh5+ Rh6 33. Qe2 {[#]} Rxh4 $1 {[%mdl 512] Accuracy: White = 50%, Black = 81%.} 0-1

[Event "18th Aeroflot Open-A 2020"]
[Site "Moscow"]
[Date "2020.02.26"]
[Round "8.30"]
[White "Kunin, Vitaly"]
[Black "Aditya Mittal"]
[Result "1-0"]
[WhiteElo "2550"]
[BlackElo "2427"]
[Annotator "TA"]
[PlyCount "71"]
[EventDate "2020.02.19"]
[EventType "swiss"]
[EventCountry "RUS"]
[SourceTitle "playchess.com"]
[Source "ChessBase"]
[SourceQuality "1"]

{[%evp 20,71,-15,-7,7,10,16,16,6,11,13,19,22,15,27,20,41,37,44,29,25,24,26,28,23,37,47,27,68,0,0,0,0,0,0,0,0,0,0,0,0,0,0,0,229,240,787,776,1816,1796,5261,5257,2682,1260]} 1. e4 c5 2. Nc3 Nc6 3. Nge2 Nf6 4. g3 g6 5. Bg2 Bg7 6. O-O O-O 7. d3 d6 8. h3 Rb8 9. Be3 b5 10. Qd2 b4 11. Nd1 Nd7 {B26: Closed Sicilian: 3 g3, lines with early Be3.} 12. Bh6 Bxh6 13. Qxh6 Nd4 {The position is equal.} 14. Qd2 a5 15. Ne3 {[#]} Bb7 $146 ({Predecessor:} 15... Nb6 16. f4 f5 17. exf5 Nxe2+ 18. Qxe2 gxf5 19. a3 Qd7 20. axb4 axb4 21. g4 e6 22. gxf5 exf5 {1-0 (52) Rublevsky,S (2678)-Areshchenko,A (2687) Olginka 2011}) 16. f4 f5 17. c3 bxc3 18. bxc3 Nxe2+ 19. Qxe2 c4 20. exf5 {[#] Strongly threatening Bxb7.} cxd3 $1 21. Qxd3 {Black must now prevent Bxb7.} Bxg2 22. Kxg2 gxf5 23. Qd5+ Kh8 24. Nxf5 (24. Rf2 $14) 24... Rb2+ $11 25. Rf2 $1 {[%cal Rf2b2]} Rxf2+ 26. Kxf2 {Hoping for g4.} e6 $1 {[%cal Re6d5]} 27. Qxe6 {Re1 is the strong threat.} Qb6+ 28. Kf3 Qc6+ 29. Kg4 Nf6+ 30. Kh4 {Intending Qe7 and mate.} Qf3 {[%csl Gf6][%cal Rf3h5]} 31. g4 {aiming for Qe7.} Qf2+ $2 {[#]} (31... Ne4 $1 $11 {and Black is okay.} 32. Rf1 Qg2) 32. Ng3 $1 $18 {And now Qe7 would win.} ({Worse is} 32. Kg5 Rg8+ 33. Kxf6 Rg6+ 34. Kf7 Rxe6 $11) 32... Nxg4 $2 (32... Nh5 33. Kxh5 Qxg3) 33. Rf1 {White is clearly winning.} ({And not} 33. hxg4 Qh2+ 34. Kg5 Qxg3 $11) 33... Qe3 34. Qxd6 {[%cal Rd6f8]} Rf6 35. Qd8+ Kg7 36. Nh5+ {Accuracy: White = 93%, Black = 70%.} (36. hxg4 $142 Rh6+ 37. Nh5+ Kf7 38. Qd1) 1-0